000 01121naa a22002777a 4500
001 BR8203477
003 BR-BrBNA
005 20250721143202.0
007 ta
008 250630b bl.|||m| |||| 00| 0 por d
040 _aBR-BrBNA
_bpor
_cBiblioteca Nacional de Agricultura
041 _a(Pt)
072 _aK00
_b1980
_bG514
090 _aK00 BR8203477
100 1 _aSouza, R.F.
111 1 _a1. Simposio Brasileiro sobre Algaroba
_cNatal, RN (Brazil)
_d5 Oct 1982
245 1 _aPotencialidade da algaroba no Nordeste [Brasil]
500 _aAlgaroba Natal, RN (Brasil): 1982. p. 198-216 (BR8203477-AMS)
773 0 _t(*)Documento disponível na(o)Valor nutritivo da algaroba (Prosopis juliflora (S.W.)D.C.), na alimentacao de suinos.
_aSilva, A.M. de A. - Universidade Federal de Vicosa, MG (Brasil)
_w6300 BR8800213
_gVicosa, MG (Brasil), 1986.
_q46 p.
650 _aALGAROBA
650 _aPESQUISA FLORESTAL
650 _aREGIAO NORDESTE
490 _aDocumentos - Empresa de Pesquisa Agropecuaria do Rio Grande do Norte S.A. (Brazil)
_vno. 7
942 _cAMS
_2AGRIS
909 _a202506
_bLúcia
_c55
_dLúcia Elande
999 _c334193
_d334193